<?xml version="1.0" encoding="UTF-8"?>
<record
    xmlns:xsi="http://www.w3.org/2001/XMLSchema-instance"
    xsi:schemaLocation="http://www.loc.gov/MARC21/slim http://www.loc.gov/standards/marcxml/schema/MARC21slim.xsd"
    xmlns="http://www.loc.gov/MARC21/slim">

  <leader>01044nab a2200289 uc4500</leader>
  <controlfield tag="001">375437</controlfield>
  <controlfield tag="005">20250208090850.0</controlfield>
  <controlfield tag="008">990422nuuuuuuuu                    spa  </controlfield>
  <datafield tag="035" ind1=" " ind2=" ">
    <subfield code="a">375437</subfield>
  </datafield>
  <datafield tag="035" ind1=" " ind2=" ">
    <subfield code="a">(OCoLC)819777910</subfield>
  </datafield>
  <datafield tag="040" ind1=" " ind2=" ">
    <subfield code="c">comduadb</subfield>
  </datafield>
  <datafield tag="041" ind1=" " ind2=" ">
    <subfield code="a">spa</subfield>
  </datafield>
  <datafield tag="100" ind1="1" ind2="0">
    <subfield code="a">Sanchez Albarran, Armando</subfield>
    <subfield code="4">aut</subfield>
    <subfield code="e">aut</subfield>
    <subfield code="9">499862</subfield>
  </datafield>
  <datafield tag="245" ind1="1" ind2="0">
    <subfield code="a">Balance y perspectivas en el area de sociologia rural en los ochenta : hacia nuevas sintesis en los estudios sobre el campo</subfield>
  </datafield>
  <datafield tag="650" ind1=" " ind2="7">
    <subfield code="a">Sociolog&#xED;a rural</subfield>
    <subfield code="2">lemb</subfield>
    <subfield code="9">2277</subfield>
  </datafield>
  <datafield tag="650" ind1=" " ind2="7">
    <subfield code="a">Investigaci&#xF3;n social</subfield>
    <subfield code="2">lemb</subfield>
    <subfield code="9">2355</subfield>
  </datafield>
  <datafield tag="650" ind1=" " ind2="7">
    <subfield code="a">Campesinos</subfield>
    <subfield code="2">lemb</subfield>
    <subfield code="9">40814</subfield>
  </datafield>
  <datafield tag="650" ind1=" " ind2=" ">
    <subfield code="a">Industrias agropecuarias</subfield>
    <subfield code="9">33407</subfield>
  </datafield>
  <datafield tag="650" ind1=" " ind2="7">
    <subfield code="a">Biotecnolog&#xED;a</subfield>
    <subfield code="2">lemb</subfield>
    <subfield code="9">35016</subfield>
  </datafield>
  <datafield tag="650" ind1=" " ind2="7">
    <subfield code="a">Emigraci&#xF3;n e inmigraci&#xF3;n</subfield>
    <subfield code="2">lemb</subfield>
    <subfield code="9">9974</subfield>
  </datafield>
  <datafield tag="650" ind1=" " ind2=" ">
    <subfield code="a">Sujetos sociales</subfield>
    <subfield code="9">53167</subfield>
  </datafield>
  <datafield tag="650" ind1=" " ind2="7">
    <subfield code="a">Cultura pol&#xED;tica</subfield>
    <subfield code="2">lemb</subfield>
    <subfield code="9">14011</subfield>
  </datafield>
  <datafield tag="650" ind1=" " ind2="7">
    <subfield code="a">Cambio social</subfield>
    <subfield code="2">lemb</subfield>
    <subfield code="9">32974</subfield>
  </datafield>
  <datafield tag="650" ind1=" " ind2=" ">
    <subfield code="a">M&#xE9;xico</subfield>
    <subfield code="9">42871</subfield>
  </datafield>
  <datafield tag="773" ind1="0" ind2=" ">
    <subfield code="t">Sociol&#xF3;gica (M&#xE9;xico)</subfield>
    <subfield code="g">Volumen 06, N&#xFA;mero 15, Enero-Abril 1991, p. 381-412</subfield>
    <subfield code="w">224318</subfield>
    <subfield code="x">0187-0173</subfield>
    <subfield code="0">98203</subfield>
  </datafield>
  <datafield tag="999" ind1=" " ind2=" ">
    <subfield code="c">108937</subfield>
    <subfield code="d">108937</subfield>
  </datafield>
  <datafield tag="942" ind1=" " ind2=" ">
    <subfield code="c">ARIMP</subfield>
  </datafield>
</record>
